Normal view MARC view
  • Heuring, Vencent p. , Jorden , harry F. AND venkatesh, T.G.

Entry Personal Name

Number of records used in: 1

001 - CONTROL NUMBER

  • control field: 4064

003 - CONTROL NUMBER IDENTIFIER

  • control field: OSt

005 - DATE AND TIME OF LATEST TRANSACTION

  • control field: 20180203124352.0

008 - FIXED-LENGTH DATA ELEMENTS

  • fixed length control field: 180203|| aca||aabn | a|a d

040 ## - CATALOGING SOURCE

  • Original cataloging agency: OSt
  • Transcribing agency: OSt

100 ## - HEADING--PERSONAL NAME

  • Personal name: Heuring, Vencent p. , Jorden , harry F. AND venkatesh, T.G.

670 ## - SOURCE DATA FOUND

  • Source citation: Work cat.: (OSt)2736: Heuring, Vencent p. , Jorden , harry F. AND venkatesh, T.G., Computer Systems Design and Architecture, 2009